000 00955nam0a2200241 4500
001 RU\NLR\bibl\1848239
005 20250616174744.0
010 _a978-5-9926-0468-9
_9200
021 _aRU
_b2011-95962
_96882
035 _a(NLR Aleph) 001838650
090 _a2241230
_c2241230
100 _a20111215d2011 |||y0rusy50 ca
101 0 _arus
102 _aRU
105 _ay |||||||||
200 1 _aПрактикум по школьному физическому эксперементу. Учебно-методическое пособие
_fС.В. Анофрикова, Г.П. Стефанова, И.А. Крутова, О.Ю. Дергунова
210 _aАстрахань
_cАстраханский ун-т
_d2011
215 _a215 с.
_d21
801 0 _aRU
_bNLR
_c20111215
_gRCR
801 1 _aRU
_bNLR
_c20111215
942 _cBOOK
980 _aNB